Emprender o dirigir : el dilema para ser empresario /

Se explican aquí las actitudes, aptitudes y procesos para la formación de un empresario, tanto en sus roles/etapas de emprendedor como de director, puntos focales de la iniciativa empresarial.

Na minha lista:
Detalhes bibliográficos
Autor principal: Grau, Juan (autor)
Outros Autores: Sotomayor, Jesús M. (autor) (autor)
Formato: Livro
Idioma:espanhol
Publicado em: México : Panorama, 2008, c2008
Assuntos:
Tags: Adicionar Tag
Sem tags, seja o primeiro a adicionar uma tag!

MARC

LEADER 00000nam^a2200000^a^4500
001 000406258
005 20250521000000.0
009 20260310121855.134
020 |a 978-968-38-1726-6 
037 |a Acervo ITESO - Biblioteca 
041 |a ESP 
082 |a 658. 409  |b GRA 
100 |a Grau, Juan  |e (autor) 
245 1 0 |a Emprender o dirigir :  |b el dilema para ser empresario /  |c J. Grau, J.M. Sotomayor. 
264 4 |a México :  |b Panorama,  |c 2008, c2008 
300 |a 173 p. 
336 |a texto  |b txt  |2 rdacontenido 
337 |a sin mediación  |b n  |2 rdamedio 
338 |a volumen  |b nc  |2 rdasoporte 
520 |a Se explican aquí las actitudes, aptitudes y procesos para la formación de un empresario, tanto en sus roles/etapas de emprendedor como de director, puntos focales de la iniciativa empresarial. 
649 |a XX 
650 |a Emprendedores (Empresarios) -  |x Tema Principal 
650 |a Habilidades Directivas -  |x Tema Principal 
650 |a Proceso Administrativo -  |x Dirección 
650 |a Proceso Administrativo 
650 |a Administración 
650 |a Ciencias Administrativas 
700 |a Sotomayor, Jesús M.  |e (autor) 
910 |a Fondo General 
920 |a Impresos - Libros 
930 |a Colección General 
905 |a 101 
901 |a 0500310783  |b IT1  |c ACC  |i D101762  |u 20250521 
902 |a https://opac.biblio.iteso.mx/vufind/Record/000406258